| 000 | 01278pam a2200313 a 4500 | ||
|---|---|---|---|
| 001 | 1181477 | ||
| 005 | 19980126152732.1 | ||
| 008 | 970718r19971922nju b 001 0 eng | ||
| 010 | _a 97028875 | ||
| 020 | _a1560009993 (pbk. : alk.paper) | ||
| 040 |
_aDLC _cDLC _dDLC |
||
| 043 | _an-us--- | ||
| 050 | 0 | 0 |
_aHM261 _b.L75 1997b |
| 082 | 0 | 0 |
_a303.38 _221 _bLIP |
| 100 | 1 |
_aLippmann, Walter, _d1889-1974. _99679 |
|
| 245 | 1 | 0 |
_aPublic opinion _cWalter Lippmann ; with a new introduction by Michael Curtis. |
| 260 |
_aNew Brunswick, N.J., U.S.A. : _bTransaction Publishers, _cc1950. |
||
| 300 |
_axxxvi, 427 p. ; _c23 cm. |
||
| 500 | _aDonated By Alaa AbdEL Ghany | ||
| 504 | _aIncludes bibliographical references and index. | ||
| 650 | 0 |
_aPublic opinion. _99680 |
|
| 650 | 0 |
_aPublic opinion _zUnited States. _99681 |
|
| 650 | 0 |
_aSocial psychology. _99682 |
|
| 650 | 0 |
_aSocial psychology _zUnited States. _99683 |
|
| 651 | 0 |
_aUnited States _xPolitics and government. _99684 |
|
| 942 |
_2ddc _cBB |
||
| 999 |
_c12991 _d12991 |
||